|
|
|
|
| LEADER |
01169nam a2200301 i 4500 |
| 001 |
c000304924 |
| 003 |
CARM |
| 005 |
00000000000000.0 |
| 008 |
840306s1976 ti b b 000 0 fre d |
| 019 |
1 |
|
|a 10216123
|5 LACONCORD2021
|
| 035 |
|
|
|a (OCoLC)221638161
|5 LACONCORD2021
|
| 041 |
0 |
|
|a fre
|
| 043 |
|
|
|a f-ti---
|
| 045 |
|
|
|a x5x7
|
| 082 |
0 |
4 |
|a 658.409611
|
| 100 |
1 |
|
|a Ben Salem, Lilia.
|
| 245 |
1 |
0 |
|a Developpement et probleme de cadres :
|b le cas de la Tunisie /
|c Lilia Ben Salem.
|
| 260 |
|
|
|a Tunis :
|b Centre d'etudes et de recherches economiques et sociales,
|c [1976?].
|
| 300 |
|
|
|a 232p. :
|b maps.
|
| 490 |
0 |
|
|a Cahiers du CERES: Serie sociologique ;
|v 3
|
| 504 |
|
|
|a Bibliography: p.227-232.
|
| 650 |
|
0 |
|a Executives
|z Tunisia.
|
| 650 |
|
0 |
|a Government executives
|z Tunisia.
|
| 651 |
|
0 |
|a Tunisia
|x Armed Forces
|x Officers.
|
| 710 |
2 |
|
|a Markaz al-Dirasat wa-al-Abhath al-Iqtisadiyah wa-al-Ijtima iyah (Tunis, Tunisia)
|
| 852 |
8 |
|
|b CARM
|h A2:AB35h0
|i B10683
|p 0508353
|f BK
|
| 999 |
f |
f |
|i 0f19eba1-1f05-5ade-acf3-54efeaf3764a
|s ba81b733-66aa-5959-8f9c-b2e0689b248e
|
| 952 |
f |
f |
|p Can circulate
|a CAVAL
|b CAVAL
|c CAVAL
|d CARM 1 Store
|e B10683
|f A2:AB35h0
|h Other scheme
|i book
|m 0508353
|